Statistics for Countries That Produce The Most Potatoes

Click here to take the quiz!

General Stats

  • This quiz has been taken 93 times
  • The average score is 11 of 14

Answer Stats

% Of Total ProducedCountry% Correct
5.01%United States
100%
4.48%Canada
97%
6.55%China
95%
3.76%United Kingdom
95%
1.38%Italy
92%
15.7%France
91%
9.06%Germany
91%
3.93%Spain
91%
18.6%Netherlands
81%
4.85%Belgium
73%
1.32%Denmark
54%
6.42%Egypt
45%
2,36%Pakistan
32%
2.02%Israel
18%

Score Distribution

Percentile by Number Answered

Percent of People with Each Score

Your Score History

You have not taken this quiz